[Event "Junior Online 4NCL Division 2"]
[Site "online"]
[Date "2020.10.15"]
[Round "5.105"]
[White "Benhamou, Nathan"]
[Black "Demyan, Leo"]
[Result "1-0"]
[WhiteElo "1322"]
[BlackElo "1180"]
[PlyCount "87"]
[EventDate "2020.10.15"]
[WhiteTeam "Harrow Juniors C"]
[BlackTeam "Watford Juniors C"]

1. e4 e5 2. Nf3 Nc6 3. Nc3 Bc5 4. Bb5 a6 5. Bxc6 dxc6 6. O-O Nf6 7. Nxe5 O-O 8.
d3 Bd6 9. d4 Bxe5 10. dxe5 Qxd1 11. Rxd1 Ne8 12. Rd8 Nd6 13. Rxf8+ Kxf8 14.
exd6 cxd6 15. Bf4 d5 16. exd5 cxd5 17. Nxd5 Ra7 18. Be3 Ra8 19. Nc7 Rb8 20. Ba7
Ra8 21. Nxa8 Bf5 22. Re1 g6 23. Bc5+ Kg7 24. Bd4+ Kh6 25. Nc7 Bxc2 26. g4 Bd3
27. h4 g5 28. Ne8 gxh4 29. Bg7+ Kg5 30. f4+ Kxg4 31. Nf6+ Kxf4 32. Nxh7 Kg3 33.
Re3+ Kf4 34. Rxd3 Kg4 35. Nf6+ Kg5 36. Rd4 Kg6 37. Bh8 Kh6 38. Rxh4+ Kg5 39.
Rg4+ Kh6 40. Kh2 b5 41. Kh3 a5 42. Kh4 b4 43. Rg7 b3 44. Ng4# 1-0

[Event "Junior Online 4NCL Division 2"]
[Site "online"]
[Date "2020.10.15"]
[Round "5.106"]
[White "Shah, Prem"]
[Black "Laza, Andrei"]
[Result "0-1"]
[WhiteElo "1157"]
[BlackElo "1292"]
[PlyCount "96"]
[EventDate "2020.10.15"]
[WhiteTeam "Watford Juniors C"]
[BlackTeam "Harrow Juniors C"]

1. e4 e5 2. f4 d6 3. Nf3 Nc6 4. Nc3 Bg4 5. Bb5 a6 6. Bxc6+ bxc6 7. O-O Qf6 8.
d3 g6 9. Be3 Bg7 10. Na4 Nh6 11. Qd2 O-O 12. Qc3 c5 13. Qa5 exf4 14. Nd2 Qe7
15. Bxf4 f5 16. exf5 Rxf5 17. Rae1 Qf7 18. Bxh6 Bxh6 19. Rxf5 Bxf5 20. b3 Re8
21. Rxe8+ Qxe8 22. Nc4 Qe7 23. h3 Bf4 24. Na3 Be6 25. Qxa6 Bxb3 26. Qa5 Bxa4
27. Kf2 Qe3+ 28. Kf1 Qc1+ 29. Ke2 Qxa3 30. Qa8+ Kg7 31. Kf3 Be5 32. g4 Qb4 33.
Qd5 Qd4 34. Qe6 Qf4+ 35. Ke2 Qf6 36. Qc4 Bc6 37. Ke3 Qf5 38. Kd2 Qf2+ 39. Kc1
Qf1+ 40. Kd2 Qf4+ 41. Ke2 Qf3+ 42. Kd2 Bf4+ 43. Kc3 Be5+ 44. Kb3 Bd5 45. Qxd5
Qxd5+ 46. Ka3 Qb7 47. c4 Bc3 48. h4 Qb4# 0-1

[Event "Junior Online 4NCL Division 2"]
[Site "online"]
[Date "2020.10.15"]
[Round "5.108"]
[White "Birke, Timo"]
[Black "Cann, Arthur"]
[Result "0-1"]
[WhiteElo "1022"]
[BlackElo "1172"]
[PlyCount "32"]
[EventDate "2020.10.15"]
[WhiteTeam "Watford Juniors C"]
[BlackTeam "Harrow Juniors C"]

1. e4 e5 2. Nf3 Nc6 3. Nc3 Bb4 4. a3 Ba5 5. Bc4 Nf6 6. d3 d6 7. O-O Bg4 8. Nb5
a6 9. Nc3 Nd4 10. Be3 Nxf3+ 11. gxf3 Bh3 12. Re1 Nh5 13. b4 Bb6 14. Bxb6 cxb6
15. Nd5 Qg5+ 16. Kh1 Qg2# 0-1

[Event "Junior Online 4NCL Division 2"]
[Site "online"]
[Date "2020.10.15"]
[Round "5.111"]
[White "Krasnov, Maksim"]
[Black "Ajili, Nour"]
[Result "0-1"]
[WhiteElo "1255"]
[BlackElo "1592"]
[PlyCount "42"]
[EventDate "2020.10.15"]
[WhiteTeam "Robin Hoods 3"]
[BlackTeam "KJCA Young Kestrels D"]

1. e4 e5 2. Nf3 Nc6 3. Bc4 Nf6 4. Ng5 d5 5. exd5 Na5 6. Bb5+ c6 7. dxc6 bxc6 8.
Ba4 Bc5 9. Nf3 Bg4 10. O-O e4 11. Re1 O-O 12. h3 exf3 13. gxf3 Bxh3 14. c3 Qd5
15. d4 Bd6 16. b4 Nc4 17. Bb3 a5 18. Qd3 Nb2 19. Qe2 Qf5 20. Qxb2 Qxf3 21. Re3
Qg2# 0-1

[Event "Junior Online 4NCL Division 2"]
[Site "online"]
[Date "2020.10.15"]
[Round "5.112"]
[White "Shkuratovskyi, Artemiy"]
[Black "Wang, Nathaniel"]
[Result "1-0"]
[WhiteElo "1532"]
[BlackElo "1262"]
[PlyCount "111"]
[EventDate "2020.10.15"]
[WhiteTeam "KJCA Young Kestrels D"]
[BlackTeam "Robin Hoods 3"]

1. e4 c5 2. Nf3 d6 3. d4 cxd4 4. Nxd4 Nf6 5. Nc3 g6 6. Bg5 Bg7 7. Bc4 O-O 8.
Qd2 Re8 9. Bh6 Bh8 10. O-O-O e5 11. Nde2 Nc6 12. f3 b6 13. Bg5 Bb7 14. Bb5 Rc8
15. Qxd6 Qxd6 16. Rxd6 Rcd8 17. Rxd8 Rxd8 18. Bxc6 Bxc6 19. Nd5 Bxd5 20. Rd1
Rd7 21. Bxf6 Bxf6 22. Rxd5 Rxd5 23. exd5 e4 24. fxe4 g5 25. c3 h5 26. Kd2 g4
27. g3 h4 28. gxh4 Be5 29. Ke3 Bxh2 30. Kf2 b5 31. Kg2 Be5 32. Nd4 a6 33. Nc6
Bd6 34. e5 Bc5 35. Kg3 f5 36. d6 Kf8 37. Ne7 Bb6 38. Nxf5 Ke8 39. Kxg4 a5 40.
h5 a4 41. h6 Kf8 42. h7 Kf7 43. h8=Q Ke6 44. Qf6+ Kd7 45. Qe7+ Kc6 46. Nd4+ Kc5
47. d7+ Kc4 48. d8=Q Bxd8 49. Qxd8 Kd3 50. e6 Kd2 51. e7 Kc1 52. e8=R Kxb2 53.
Re2+ Kxc3 54. Qc7+ Kxd4 55. Qd6+ Kc4 56. Rc2# 1-0

[Event "Junior Online 4NCL Division 2"]
[Site "online"]
[Date "2020.10.15"]
[Round "5.113"]
[White "Ying, Alexander"]
[Black "Heard, Tom"]
[Result "0-1"]
[WhiteElo "1187"]
[BlackElo "1540"]
[PlyCount "44"]
[EventDate "2020.10.15"]
[WhiteTeam "Robin Hoods 3"]
[BlackTeam "KJCA Young Kestrels D"]

1. e4 e5 2. Nf3 Nc6 3. Nc3 Nf6 4. Bc4 Nxe4 5. Nxe4 d5 6. Bxd5 Qxd5 7. Nc3 Qd8
8. d3 Bg4 9. h3 Bh5 10. Be3 Bb4 11. Qd2 Bxf3 12. gxf3 Qe7 13. Bg5 f6 14. Be3
Nd4 15. O-O-O Nxf3 16. Nd5 Bxd2+ 17. Rxd2 Qd6 18. Rdd1 Qxd5 19. c4 Qa5 20. Bd2
Qxa2 21. Kc2 Nd4+ 22. Kc1 Qa1# 0-1

[Event "Junior Online 4NCL Division 2"]
[Site "online"]
[Date "2020.10.15"]
[Round "5.114"]
[White "Nguyen, Ryan"]
[Black "Stoyanov, Boris"]
[Result "1-0"]
[WhiteElo "1540"]
[BlackElo "775"]
[PlyCount "81"]
[EventDate "2020.10.15"]
[WhiteTeam "KJCA Young Kestrels D"]
[BlackTeam "Robin Hoods 3"]

1. e4 e5 2. Nf3 Nc6 3. Bc4 h6 4. d4 d6 5. dxe5 dxe5 6. Qxd8+ Nxd8 7. Nxe5 Nf6
8. Nc3 Bc5 9. O-O Be6 10. Bxe6 Nxe6 11. Re1 Ng4 12. Nxg4 O-O-O 13. Be3 h5 14.
Ne5 Rhf8 15. Bxc5 Nxc5 16. Rad1 Rde8 17. Nd3 Nd7 18. f4 f6 19. f5 Ne5 20. Nxe5
fxe5 21. Rd5 c6 22. Rd6 Kc7 23. Red1 Rf7 24. Na4 b5 25. Nc5 Ree7 26. Ne6+ Kc8
27. Ng5 Rf6 28. Rxf6 gxf6 29. Ne6 Kb7 30. Kf2 Kb6 31. Kf3 a6 32. g4 h4 33. Kg2
Rh7 34. Kh3 Ka5 35. Rd8 Kb4 36. Rc8 Kc4 37. Rxc6+ Kb4 38. Rc7 Rh8 39. Rc6 a5
40. a3+ Ka4 41. Nc5# 1-0

[Event "Junior Online 4NCL Division 2"]
[Site "online"]
[Date "2020.10.15"]
[Round "5.115"]
[White "Ajili, Nour"]
[Black "Krasnov, Maksim"]
[Result "1-0"]
[WhiteElo "1592"]
[BlackElo "1255"]
[PlyCount "37"]
[EventDate "2020.10.15"]
[WhiteTeam "KJCA Young Kestrels D"]
[BlackTeam "Robin Hoods 3"]

1. e4 e5 2. Nf3 Nc6 3. Bc4 Bc5 4. c3 Nf6 5. d4 exd4 6. cxd4 Bb4+ 7. Bd2 Bxd2+
8. Nbxd2 d6 9. h3 b6 10. O-O Bb7 11. Rc1 Nb4 12. Qa4+ Nc6 13. Bb5 Qd7 14. Bxc6
Bxc6 15. Qxc6 Qxc6 16. Rxc6 Kd7 17. Rfc1 d5 18. Rxc7+ Kd6 19. R1c6# 1-0

[Event "Junior Online 4NCL Division 2"]
[Site "online"]
[Date "2020.10.15"]
[Round "5.116"]
[White "Wang, Nathaniel"]
[Black "Shkuratovskyi, Artemiy"]
[Result "0-1"]
[WhiteElo "1262"]
[BlackElo "1532"]
[PlyCount "102"]
[EventDate "2020.10.15"]
[WhiteTeam "Robin Hoods 3"]
[BlackTeam "KJCA Young Kestrels D"]

1. e4 e5 2. Nf3 Nf6 3. Nxe5 d6 4. Nxf7 Kxf7 5. Bc4+ d5 6. exd5 Bd6 7. d4 Re8+
8. Be3 Bg4 9. Qd3 a6 10. Bb3 Kg8 11. O-O Kh8 12. Re1 Bh5 13. Nc3 Bg6 14. Qe2
Bb4 15. a3 Bxc3 16. bxc3 Nxd5 17. Bg5 Rxe2 18. Bxd8 Nxc3 19. Rxe2 Nxe2+ 20. Kf1
Nxd4 21. Re1 Nbc6 22. Bh4 Bxc2 23. Bd5 Bd3+ 24. Kg1 Ne2+ 25. Kf1 Nf4+ 26. Kg1
Nxd5 27. Re3 Bb5 28. Re6 Nf4 29. Re4 Ne2+ 30. Kh1 Nc3 31. Re6 Nd4 32. Re7 Re8
33. Rxe8+ Bxe8 34. f4 Nb1 35. g4 Nxa3 36. g5 b5 37. Kg2 Nf5 38. Kf3 g6 39. Bf2
Kg8 40. Kg4 Kf7 41. h4 Nxh4 42. Kxh4 Bd7 43. f5 Bxf5 44. Bg1 Ke6 45. Bh2 c5 46.
Bg1 Kd5 47. Kg3 b4 48. Kf3 b3 49. Ke2 b2 50. Kd2 b1=Q 51. Ke2 Qxg1 0-1

[Event "Junior Online 4NCL Division 2"]
[Site "online"]
[Date "2020.10.15"]
[Round "5.117"]
[White "Heard, Tom"]
[Black "Ying, Alexander"]
[Result "1-0"]
[WhiteElo "1540"]
[BlackElo "1187"]
[PlyCount "85"]
[EventDate "2020.10.15"]
[WhiteTeam "KJCA Young Kestrels D"]
[BlackTeam "Robin Hoods 3"]

1. e4 e5 2. Nf3 Nc6 3. Bc4 Nf6 4. d3 Bc5 5. c3 O-O 6. Nbd2 d6 7. a4 Bd7 8. b4
Qe7 9. bxc5 a6 10. Nf1 Na5 11. cxd6 Qxd6 12. Ba3 Qc6 13. Bxf8 Rxf8 14. Nxe5 Qd6
15. Nxd7 Qxd7 16. Ng3 b5 17. axb5 axb5 18. Bxf7+ Rxf7 19. Rxa5 Qe6 20. Ra8+ Rf8
21. Rxf8+ Kxf8 22. O-O Ng4 23. Nf5 Qg6 24. h3 Nh6 25. Nxh6 Qxh6 26. Qf3+ Kg8
27. Qf5 Qd6 28. Qxb5 Qf8 29. Qc4+ Qf7 30. Qxf7+ Kxf7 31. f4 Kg8 32. e5 Kf8 33.
e6 Ke7 34. f5 g6 35. g4 gxf5 36. gxf5 Kf6 37. d4 h6 38. Re1 Kxf5 39. e7 Kf6 40.
e8=Q Kg7 41. Re6 Kh7 42. Qd7+ Kg8 43. Re8# 1-0

[Event "Junior Online 4NCL Division 2"]
[Site "online"]
[Date "2020.10.15"]
[Round "5.118"]
[White "Stoyanov, Boris"]
[Black "Nguyen, Ryan"]
[Result "0-1"]
[WhiteElo "775"]
[BlackElo "1540"]
[PlyCount "86"]
[EventDate "2020.10.15"]
[WhiteTeam "Robin Hoods 3"]
[BlackTeam "KJCA Young Kestrels D"]

1. e4 c5 2. Bc4 Nc6 3. Nf3 d6 4. Nc3 g6 5. d3 Bg7 6. Be3 e6 7. a3 Nge7 8. Qe2
Nd4 9. Qd1 O-O 10. Ng5 h6 11. h4 hxg5 12. hxg5 a6 13. Qg4 Nxc2+ 14. Kd1 Nxe3+
15. fxe3 Re8 16. Qh4 Kf8 17. Qh7 Ng8 18. Qh4 b5 19. Bb3 Bb7 20. Qf4 Qe7 21. d4
c4 22. Bc2 e5 23. Qf3 Qxg5 24. Rf1 Qf6 25. Nd5 Bxd5 26. exd5 Qxf3+ 27. Rxf3
exd4 28. exd4 Bxd4 29. Kd2 Bxb2 30. Raf1 f5 31. g4 Re5 32. gxf5 Rxd5+ 33. Ke2
Re8+ 34. Kf2 gxf5 35. Kg3 Be5+ 36. Kg2 Rd2+ 37. Kg1 Rxc2 38. Rxf5+ Ke7 39. Rf7+
Ke6 40. Kh1 Rh2+ 41. Kg1 Nf6 42. Ra7 Rg8+ 43. Rg7 Rxg7# 0-1

[Event "Junior Online 4NCL Division 2"]
[Site "online"]
[Date "2020.10.15"]
[Round "5.121"]
[White "Li, Ethan"]
[Black "Xu, Jiarui"]
[Result "1-0"]
[WhiteElo "1840"]
[BlackElo "1412"]
[PlyCount "99"]
[EventDate "2020.10.15"]
[WhiteTeam "May The Fork Be With You 1"]
[BlackTeam "Cambridge Chess & Go B"]

1. e4 e5 2. Nf3 Nc6 3. d4 exd4 4. Nxd4 d6 5. Nc3 Nf6 6. Be3 Nxd4 7. Qxd4 Be7 8.
f3 O-O 9. Bc4 Be6 10. Bb3 c5 11. Qd3 Rc8 12. Bd5 Bxd5 13. Nxd5 c4 14. Qd2 b6
15. c3 h6 16. g4 Nxd5 17. Qxd5 Bh4+ 18. Ke2 Bg5 19. Bxg5 Qxg5 20. Qxg5 hxg5 21.
Rad1 Rfd8 22. Rd5 f6 23. Rhd1 Rc6 24. a4 a5 25. Kf2 Kf7 26. Kg3 Ke6 27. h4
gxh4+ 28. Kxh4 Rc5 29. R1d4 g5+ 30. Kg3 Rxd5 31. Rxd5 Rc8 32. Rb5 Rc6 33. Kf2
Kd7 34. Ke3 Kc7 35. Rf5 Rc5 36. Rxf6 b5 37. Rf5 b4 38. Rxc5+ dxc5 39. e5 Kd7
40. Ke4 Ke6 41. f4 gxf4 42. Kxf4 Kf7 43. Kf5 Ke7 44. e6 Kf8 45. Kf6 Ke8 46. e7
b3 47. g5 Kd7 48. Kf7 Kd6 49. e8=Q Kd5 50. Qe6# 1-0

[Event "Junior Online 4NCL Division 2"]
[Site "online"]
[Date "2020.10.15"]
[Round "5.122"]
[White "Yuan, Derek"]
[Black "Yedid, Lior"]
[Result "0-1"]
[WhiteElo "1390"]
[BlackElo "1532"]
[PlyCount "70"]
[EventDate "2020.10.15"]
[WhiteTeam "Cambridge Chess & Go B"]
[BlackTeam "May The Fork Be With You 1"]

1. e4 c5 2. Nf3 Nc6 3. d4 cxd4 4. Nxd4 Nf6 5. Nc3 e5 6. Nf3 Bb4 7. Bd2 Bxc3 8.
Bxc3 Nxe4 9. Qe2 Nxc3 10. bxc3 d6 11. Qe3 Qa5 12. Bd3 Be6 13. O-O O-O-O 14. Be4
d5 15. Bd3 e4 16. Be2 exf3 17. Qxf3 Ne5 18. Qe3 Nc6 19. a3 d4 20. cxd4 Nxd4 21.
Qe4 Bf5 22. Qf3 Nxf3+ 23. Bxf3 Rd2 24. Rab1 b6 25. Rbd1 Rxd1 26. Rxd1 Bxc2 27.
Rd2 Qxd2 28. h3 Bf5 29. Kh2 Qxf2 30. Bg4 Bxg4 31. hxg4 Re8 32. g5 Re2 33. Kh3
Qxg2+ 34. Kh4 Re4+ 35. Kh5 Qg4# 0-1

[Event "Junior Online 4NCL Division 2"]
[Site "online"]
[Date "2020.10.15"]
[Round "5.123"]
[White "Salussolia, Louis"]
[Black "Syposz, Adam"]
[Result "1-0"]
[WhiteElo "1427"]
[BlackElo "1315"]
[PlyCount "109"]
[EventDate "2020.10.15"]
[WhiteTeam "May The Fork Be With You 1"]
[BlackTeam "Cambridge Chess & Go B"]

1. e4 e5 2. Nf3 d6 3. d4 Nc6 4. Nc3 Nf6 5. Bb5 d5 6. dxe5 dxe4 7. Qxd8+ Kxd8 8.
exf6 exf3 9. fxg7 Bxg7 10. gxf3 Rg8 11. Bd2 Bd4 12. O-O-O Bxf2 13. Be3+ Bd7 14.
Bxf2 a6 15. Bxc6 bxc6 16. Bh4+ Kc8 17. Ne4 Bh3 18. Rhg1 Rxg1 19. Rxg1 Be6 20.
Rg8+ Kb7 21. Nc5+ Ka7 22. Rxa8+ Kxa8 23. Nxe6 fxe6 24. Bg3 Kb7 25. Kd2 c5 26.
Kc3 c6 27. Kc4 Kb6 28. Bf2 h5 29. Bxc5+ Kb7 30. f4 Kc7 31. h4 Kd7 32. b4 Kc7
33. a4 Kb7 34. c3 Kc7 35. Kd4 Kd7 36. c4 Kc7 37. b5 axb5 38. cxb5 cxb5 39. axb5
Kc8 40. Bd6 Kd7 41. Ke5 Kc8 42. b6 Kb7 43. Bc7 Kc6 44. Kxe6 Kc5 45. b7 Kc6 46.
b8=Q Kc5 47. Qb6+ Kc4 48. f5 Kd3 49. Qc5 Kd2 50. Qc4 Kd1 51. Qc3 Ke2 52. Qd4
Kf3 53. Qd2 Kg4 54. Qg2+ Kxh4 55. Qg3# 1-0

[Event "Junior Online 4NCL Division 2"]
[Site "online"]
[Date "2020.10.15"]
[Round "5.124"]
[White "Lee, Isaac"]
[Black "Barbier-Ramaiah, Riya Aude"]
[Result "0-1"]
[WhiteElo "1219"]
[BlackElo "1427"]
[PlyCount "92"]
[EventDate "2020.10.15"]
[WhiteTeam "Cambridge Chess & Go B"]
[BlackTeam "May The Fork Be With You 1"]

1. e4 c6 2. d4 d5 3. e5 Bf5 4. Nf3 e6 5. Nc3 Nd7 6. Bd3 Bxd3 7. Qxd3 Qb6 8. O-O
c5 9. Na4 Qc7 10. dxc5 Nxc5 11. Nxc5 Bxc5 12. Qb5+ Qc6 13. Qd3 Ne7 14. c3 O-O
15. Ng5 g6 16. Qf3 Qc7 17. Qh3 h5 18. Nxe6 fxe6 19. Qxe6+ Kg7 20. Bg5 Qc6 21.
Qh3 Qb6 22. Bf6+ Kh7 23. b3 Ng8 24. Qd7+ Ne7 25. Qh3 Rad8 26. g4 Rde8 27. gxh5
Ng8 28. hxg6+ Kxg6 29. Qg4+ Kf7 30. Qg7+ Ke6 31. Qg4+ Kf7 32. Qh5+ Ke6 33. Qh3+
Kf7 34. Qd7+ Be7 35. Bxe7 Rxe7 36. Qxd5+ Ke8 37. Qe4 Qe6 38. Rae1 Rg7+ 39. Kh1
Re7 40. Qa4+ Qc6+ 41. Qxc6+ bxc6 42. f4 Nh6 43. Kg2 Ref7 44. Kg3 Rg8+ 45. Kh3
Nf5 46. e6 Rh7# 0-1

[Event "Junior Online 4NCL Division 2"]
[Site "online"]
[Date "2020.10.15"]
[Round "5.125"]
[White "Xu, Jiarui"]
[Black "Li, Ethan"]
[Result "0-1"]
[WhiteElo "1412"]
[BlackElo "1840"]
[PlyCount "60"]
[EventDate "2020.10.15"]
[WhiteTeam "Cambridge Chess & Go B"]
[BlackTeam "May The Fork Be With You 1"]

1. e4 c5 2. Nf3 Nc6 3. d4 cxd4 4. Nxd4 Qc7 5. Be3 Nf6 6. Nc3 e6 7. Bc4 a6 8.
Bd3 Bb4 9. Nde2 d5 10. exd5 Nxd5 11. a3 Bxc3+ 12. Nxc3 Nxc3 13. bxc3 Ne5 14.
Qd2 O-O 15. Be2 Nc4 16. Bxc4 Qxc4 17. Qd4 Qc6 18. O-O b5 19. Rad1 Bb7 20. f3
Rac8 21. Rd3 f6 22. Qb4 e5 23. Qb3+ Kh8 24. Rfd1 e4 25. fxe4 Qxe4 26. R1d2 h5
27. Qb4 Rfe8 28. Qd4 h4 29. Kf1 h3 30. Bg1 Qe1# 0-1

[Event "Junior Online 4NCL Division 2"]
[Site "online"]
[Date "2020.10.15"]
[Round "5.126"]
[White "Yedid, Lior"]
[Black "Yuan, Derek"]
[Result "0-1"]
[WhiteElo "1532"]
[BlackElo "1390"]
[PlyCount "80"]
[EventDate "2020.10.15"]
[WhiteTeam "May The Fork Be With You 1"]
[BlackTeam "Cambridge Chess & Go B"]

1. e4 e5 2. f4 Nc6 3. Nf3 d6 4. Nc3 Bg4 5. Bb5 Nge7 6. h3 Bxf3 7. Qxf3 a6 8.
Bc4 b5 9. Bd5 Rb8 10. fxe5 dxe5 11. Bxf7+ Kd7 12. Qg4+ Kd6 13. Qe6+ Kc5 14. b4+
Kb6 15. a4 Kb7 16. axb5 axb5 17. Nxb5 Qc8 18. Qa2 Ra8 19. Qb2 Rxa1 20. Qxa1
Nxb4 21. Qa7+ Kc6 22. Qa5 Nxc2+ 23. Kd1 Nd4 24. Qc3+ Kxb5 25. Qc4+ Kb6 26. Ba3
Nec6 27. Qb3+ Nxb3 28. Bxb3 Bxa3 29. Re1 Rf8 30. Re3 Nd4 31. Bc4 Kc5 32. Rc3
Kb4 33. g4 Bb2 34. Rc2 Nxc2 35. Kxc2 Kxc4 36. d3+ Kd4 37. Kxb2 Qb7+ 38. Kc2
Rf2+ 39. Kc1 Qb3 40. g5 g6 0-1

[Event "Junior Online 4NCL Division 2"]
[Site "online"]
[Date "2020.10.15"]
[Round "5.127"]
[White "Syposz, Adam"]
[Black "Salussolia, Louis"]
[Result "0-1"]
[WhiteElo "1315"]
[BlackElo "1427"]
[PlyCount "48"]
[EventDate "2020.10.15"]
[WhiteTeam "Cambridge Chess & Go B"]
[BlackTeam "May The Fork Be With You 1"]

1. e4 e6 2. Nf3 d5 3. exd5 exd5 4. Qe2+ Be7 5. Ng5 Nf6 6. d3 O-O 7. d4 Bb4+ 8.
c3 Re8 9. Be3 Bd6 10. Qf3 Bg4 11. Qxg4 Nxg4 12. h3 Nxe3 13. fxe3 Qxg5 14. Bb5
Qxe3+ 15. Kd1 c6 16. Bf1 Qe1+ 17. Kc2 Re2+ 18. Kd3 Re3+ 19. Kc2 Bf4 20. Be2
Rxe2+ 21. Kb3 Qxh1 22. a3 Qxg2 23. a4 Rxb2+ 24. Ka3 Bd6# 0-1

[Event "Junior Online 4NCL Division 2"]
[Site "online"]
[Date "2020.10.15"]
[Round "5.128"]
[White "Barbier-Ramaiah, Riya Aude"]
[Black "Lee, Isaac"]
[Result "1-0"]
[WhiteElo "1427"]
[BlackElo "1219"]
[PlyCount "93"]
[EventDate "2020.10.15"]
[WhiteTeam "May The Fork Be With You 1"]
[BlackTeam "Cambridge Chess & Go B"]

1. e4 e5 2. Nf3 Nc6 3. d4 exd4 4. Nxd4 Nxd4 5. Qxd4 b6 6. Bc4 d6 7. Qd5 Be6 8.
Qd4 c5 9. Qd3 Bxc4 10. Qxc4 Nf6 11. Nc3 Be7 12. O-O O-O 13. Bd2 Qd7 14. Nd5
Nxd5 15. Qxd5 Bf6 16. c3 Be5 17. f4 Bf6 18. e5 Be7 19. Rad1 Rad8 20. Be3 Qe6
21. exd6 Qxe3+ 22. Kh1 Bf6 23. Rde1 Qxe1 24. Rxe1 Rfe8 25. Rxe8+ Rxe8 26. h3 h6
27. d7 Re1+ 28. Kh2 Rb1 29. d8=Q+ Bxd8 30. Qxd8+ Kh7 31. Qd3+ Kh8 32. Qxb1 Kg8
33. Qe4 f5 34. Qa8+ Kf7 35. Qxa7+ Kg6 36. Qxb6+ Kh5 37. Qxc5 g5 38. fxg5 Kxg5
39. a4 h5 40. a5 h4 41. a6 Kg6 42. a7 Kf7 43. a8=Q Kg6 44. Qac6+ Kg5 45. Qe7+
Kf4 46. Qxh4+ Ke5 47. Qd4# 1-0

[Event "Junior Online 4NCL Division 2"]
[Site "online"]
[Date "2020.10.15"]
[Round "5.131"]
[White "Datoo, Noor"]
[Black "Hirst, Joe"]
[Result "0-1"]
[WhiteElo "1240"]
[BlackElo "1900"]
[PlyCount "90"]
[EventDate "2020.10.15"]
[WhiteTeam "Leicestershire Juniors 2"]
[BlackTeam "Rovers United"]

1. e4 d6 2. Nf3 Nf6 3. Nc3 Nbd7 4. Bc4 c6 5. a4 e6 6. d3 d5 7. exd5 cxd5 8. Bb3
Be7 9. Be3 Bc5 10. Bxc5 Nxc5 11. d4 Nxb3 12. cxb3 Qa5 13. O-O O-O 14. Qd3 Bd7
15. Nb5 Bxb5 16. axb5 Qb4 17. Ra4 Qd6 18. Ne5 Nd7 19. Re1 f6 20. Nxd7 Qxd7 21.
Rea1 b6 22. Qc3 Rfc8 23. Qb4 Rc7 24. h3 Rac8 25. Kh2 e5 26. dxe5 fxe5 27. Qg4
Qxg4 28. hxg4 Ra8 29. Rd1 d4 30. Re1 Rc5 31. Rb4 a5 32. Rc4 Rac8 33. Kg3 Rxc4
34. bxc4 Rxc4 35. Rxe5 Rc2 36. Re8+ Kf7 37. Rb8 Rxb2 38. Rxb6 d3 39. Kf3 d2 40.
Ke2 a4 41. Ra6 Rxb5 42. Rxa4 Rd5 43. Ra2 d1=Q+ 44. Ke3 Qd3+ 45. Kf4 g5# 0-1

[Event "Junior Online 4NCL Division 2"]
[Site "online"]
[Date "2020.10.15"]
[Round "5.132"]
[White "Evans, Ruben"]
[Black "Cimurs, Alexander"]
[Result "1-0"]
[WhiteElo "1750"]
[BlackElo "1292"]
[PlyCount "117"]
[EventDate "2020.10.15"]
[WhiteTeam "Rovers United"]
[BlackTeam "Leicestershire Juniors 2"]

1. d4 d5 2. c4 c6 3. cxd5 cxd5 4. Nc3 Nf6 5. Bf4 Nc6 6. e3 e6 7. Nf3 Bb4 8. a3
Bxc3+ 9. bxc3 Ne4 10. Qb3 O-O 11. Bd3 Nf6 12. Ne5 Nxe5 13. Bxe5 Ng4 14. Bg3 f6
15. h3 Nh6 16. O-O Nf7 17. c4 b6 18. cxd5 exd5 19. Rac1 Bb7 20. Rc7 Rb8 21.
Rfc1 Rc8 22. Bxh7+ Kxh7 23. Qb1+ Kh8 24. Rxb7 Rxc1+ 25. Qxc1 Nd6 26. Bxd6 Qxd6
27. Qc7 Qxc7 28. Rxc7 a5 29. Rb7 Rc8 30. Rxb6 Rc3 31. Rb5 Rxa3 32. Rxd5 a4 33.
f3 Rb3 34. Kf2 a3 35. Ra5 Kg8 36. Kg3 Kf7 37. Kf4 Ke6 38. g4 Kd6 39. e4 Kc6 40.
d5+ Kb6 41. Ra4 Kb5 42. Ra8 Kb4 43. Rb8+ Ka4 44. Rxb3 Kxb3 45. d6 a2 46. d7
a1=Q 47. d8=Q Qc1+ 48. Kf5 Qc5+ 49. Qd5+ Qxd5+ 50. exd5 Kc4 51. d6 g6+ 52. Kxf6
g5 53. d7 Kb5 54. d8=Q Ka6 55. Qb8 Ka5 56. Ke6 Ka6 57. Kd5 Ka5 58. Kc5 Ka4 59.
Qb4# 1-0

[Event "Junior Online 4NCL Division 2"]
[Site "online"]
[Date "2020.10.15"]
[Round "5.133"]
[White "Shen, Alex"]
[Black "Conway-Lees, Joe"]
[Result "0-1"]
[WhiteElo "1195"]
[BlackElo "1525"]
[PlyCount "56"]
[EventDate "2020.10.15"]
[WhiteTeam "Leicestershire Juniors 2"]
[BlackTeam "Rovers United"]

1. e4 e5 2. Nf3 Nc6 3. Bc4 Nf6 4. Ng5 d5 5. exd5 Na5 6. Bb3 Nxb3 7. axb3 Nxd5
8. Nxf7 Kxf7 9. Qf3+ Ke8 10. Nc3 Nf6 11. O-O c6 12. d3 Bg4 13. Qe3 Qd4 14. Qg5
Be7 15. Ra4 Qd7 16. Be3 b5 17. Re4 Nxe4 18. Qxg7 Bf6 19. Qh6 Nxc3 20. bxc3 Rf8
21. Bc5 Be7 22. Bxe7 Qxe7 23. Qxc6+ Kf7 24. Qd5+ Qe6 25. Qb7+ Qd7 26. Qxb5 Qxb5
27. c4 Qb4 28. Re1 Qxe1# 0-1

[Event "Junior Online 4NCL Division 2"]
[Site "online"]
[Date "2020.10.15"]
[Round "5.135"]
[White "Hirst, Joe"]
[Black "Datoo, Noor"]
[Result "1-0"]
[WhiteElo "1900"]
[BlackElo "1240"]
[PlyCount "31"]
[EventDate "2020.10.15"]
[WhiteTeam "Rovers United"]
[BlackTeam "Leicestershire Juniors 2"]

1. e4 e5 2. Nc3 Nf6 3. f4 Nc6 4. fxe5 Nxe5 5. d4 Nc6 6. e5 Qe7 7. Nf3 d6 8. Qe2
Nd7 9. Nd5 Qe6 10. Nxc7+ Kd8 11. Nxe6+ Ke7 12. Nxf8 Kxf8 13. exd6 Kg8 14. Ng5
h6 15. Qe8+ Nf8 16. Qxf7# 1-0

[Event "Junior Online 4NCL Division 2"]
[Site "online"]
[Date "2020.10.15"]
[Round "5.136"]
[White "Cimurs, Alexander"]
[Black "Evans, Ruben"]
[Result "0-1"]
[WhiteElo "1292"]
[BlackElo "1750"]
[PlyCount "124"]
[EventDate "2020.10.15"]
[WhiteTeam "Leicestershire Juniors 2"]
[BlackTeam "Rovers United"]

1. e4 e6 2. Nf3 d5 3. e5 c5 4. c3 d4 5. cxd4 cxd4 6. d3 Nc6 7. Bf4 Nge7 8. Be2
Ng6 9. Bg5 Qa5+ 10. Nbd2 h6 11. Bh4 Nxh4 12. Nxh4 Nxe5 13. O-O g5 14. Nhf3
Nxf3+ 15. Nxf3 Bg7 16. h3 O-O 17. a3 b6 18. b4 Qd5 19. Qc2 Bb7 20. Bd1 Rac8 21.
Qa2 Qxa2 22. Rxa2 Bxf3 23. Bxf3 Rc3 24. Be2 Rfc8 25. Raa1 Rc2 26. Rfe1 R8c3 27.
Bd1 Rd2 28. Be2 Bf8 29. Kf1 a5 30. bxa5 bxa5 31. a4 Bb4 32. Red1 Rxd1+ 33. Rxd1
Ra3 34. Rc1 Rxa4 35. Bf3 Bc3 36. Rb1 Ra1 37. Rxa1 Bxa1 38. Bd1 Bc3 39. Ke2 Kg7
40. Kf3 Kf6 41. Ke4 Ke7 42. f4 gxf4 43. Kxf4 Kd6 44. Kg4 Kc5 45. Kh5 Bd2 46. g4
Kb4 47. Kh4 a4 48. Bxa4 Kxa4 49. Kg3 Kb3 50. Kf3 Kc3 51. Ke4 Be3 52. Ke5 Kxd3
53. Kf6 Ke4 54. Kxf7 d3 55. Kxe6 d2 56. Kf6 d1=Q 57. g5 Qd6+ 58. Kg7 Bxg5 59.
Kf7 Qe7+ 60. Kg6 Qf6+ 61. Kh5 Bc1 62. h4 Qf5# 0-1

[Event "Junior Online 4NCL Division 2"]
[Site "online"]
[Date "2020.10.15"]
[Round "5.137"]
[White "Conway-Lees, Joe"]
[Black "Shen, Alex"]
[Result "1-0"]
[WhiteElo "1525"]
[BlackElo "1195"]
[PlyCount "23"]
[EventDate "2020.10.15"]
[WhiteTeam "Rovers United"]
[BlackTeam "Leicestershire Juniors 2"]

1. e4 e5 2. Nf3 Nc6 3. Bc4 Nf6 4. Ng5 d5 5. exd5 Na5 6. Bb5+ Bd7 7. Qe2 Nxd5 8.
Qxe5+ Qe7 9. Bxd7+ Kxd7 10. Nf3 Qxe5+ 11. Nxe5+ Kd6 12. Nxf7+ 1-0

[Event "Junior Online 4NCL Division 2"]
[Site "online"]
[Date "2020.10.15"]
[Round "5.141"]
[White "Walker, Jamie"]
[Black "Parikh, Naavya"]
[Result "0-1"]
[WhiteElo "1330"]
[BlackElo "1420"]
[PlyCount "72"]
[EventDate "2020.10.15"]
[WhiteTeam "Warwickshire Bears E"]
[BlackTeam "Harrow Juniors B"]

1. d4 d5 2. Bf4 Nc6 3. e3 Nf6 4. Bd3 g6 5. c3 Bg7 6. Nd2 Nd7 7. Ngf3 Nb6 8. b3
f6 9. a3 e5 10. dxe5 fxe5 11. Bg5 Qd6 12. b4 e4 13. Bb5 exf3 14. Qxf3 Bxc3 15.
Rc1 Bxd2+ 16. Kxd2 Bf5 17. Bf4 Qd7 18. Be5 Rf8 19. Bf4 O-O-O 20. Bxc6 bxc6 21.
Ke2 g5 22. h3 gxf4 23. g4 Be4 24. Qxf4 Rxf4 25. exf4 Bxh1 26. Rxh1 Re8+ 27. Kf3
Nc4 28. a4 Qe6 29. Rg1 Qe4+ 30. Kg3 h5 31. f3 Qe3 32. Rf1 hxg4 33. hxg4 Rh8 34.
Rf2 Nd2 35. b5 Ne4+ 36. Kg2 Qxf2# 0-1